000 00398nam a2200169Ia 4500
008 090711s9999 xx 000 0 und d
082 _b49676
100 _aबगे आशा
245 _aझुंबर
260 _c1984
300 _a151
600 _aबगे आशा
630 _aझुंबर
700 _aबगे आशा
730 _aझुंबर
942 _cBOOK
999 _c301310
_d301310